Jízda králů v Kunovicích : hylóm, hylóm, na krála, matičko, na krála... /

Main Author: Habartová, Romana, 1964-
Other Authors: Štěrba, Stanislav, 1930-2014
Language: Czech
Published: Kunovice : město Kunovice :Občanské sdružení "Kunovjan", z.s., 2021
Edition: Druhé, doplněné vydání
Subjects:
Physical Description: 455 stran : ilustrace (převážně barevné), portréty, faksimile ; 31 cm
Language note: České, anglické, německé, francouzské a ruské resumé
Book
Saved in:
LEADER 02606nam a2200637 i 4500
001 nkc20213366915
003 CZ PrNK
005 20220622075512.0
007 ta
008 211014s2021 xr ach e 000 0 cze
015 |a cnb003366915 
020 |a 978-80-907393-2-1  |q (Město Kunovice ;  |q vázáno) 
020 |a 978-80-903743-9-3  |q (Občanské sdružení Kunovjan ;  |q vázáno) 
035 |a (OCoLC)1335742463 
040 |a BOA001  |b cze  |e rda 
041 0 |a cze  |b cze  |b eng  |b fre  |b ger  |b rus 
043 |a e-xr---  |b e-xr-zl  |2 czenas 
072 7 |a 398  |x Folklor. Lidové tradice  |2 Konspekt  |9 1 
080 |a 398.332.16  |2 MRF 
080 |a 394.2:398  |2 MRF 
080 |a 398.3  |2 MRF 
080 |a (437.323)  |2 MRF 
080 |a (048.8)  |2 MRF 
100 1 |a Habartová, Romana,  |d 1964-  |7 mzk2005282272  |4 aut  |4 edt 
245 1 0 |a Jízda králů v Kunovicích :  |b hylóm, hylóm, na krála, matičko, na krála... /  |c autoři Romana Habartová (ed.) a Stanislav Štěrba 
250 |a Druhé, doplněné vydání 
264 1 |a Kunovice :  |b město Kunovice :  |b Občanské sdružení "Kunovjan", z.s.,  |c 2021 
300 |a 455 stran :  |b ilustrace (převážně barevné), portréty, faksimile ;  |c 31 cm 
336 |a text  |b txt  |2 rdacontent 
336 |a statický obraz  |b sti  |2 rdacontent 
337 |a bez média  |b n  |2 rdamedia 
338 |a svazek  |b nc  |2 rdacarrier 
500 |a Chronologický přehled 
500 |a 2000 výtisků 
504 |a Obsahuje bibliografii a bibliografické odkazy 
546 |a České, anglické, německé, francouzské a ruské resumé 
650 0 7 |a jízda králů  |7 ph448215  |z Česko  |2 czenas 
650 0 7 |a folklorní slavnosti  |7 ph120277  |z Česko  |2 czenas 
650 0 7 |a lidové zvyky  |7 ph137518  |z Česko  |2 czenas 
650 0 7 |a lidové zvyky  |7 ph137518  |x dějiny  |2 czenas 
650 0 9 |a ride of kings  |z Czechia  |2 eczenas 
650 0 9 |a folklore festivities  |z Czechia  |2 eczenas 
650 0 9 |a folk customs  |z Czechia  |2 eczenas 
650 0 9 |a folk customs  |x history  |2 eczenas 
651 7 |a Kunovice (Uherské Hradiště, Česko)  |7 ge153055  |2 czenas 
651 9 |a Kunovice (Uherské Hradiště, Czechia)  |2 eczenas 
655 7 |a monografie  |7 fd132842  |2 czenas 
655 9 |a monographs  |2 eczenas 
700 1 |a Štěrba, Stanislav,  |d 1930-2014  |7 mzk2005312798  |4 aut 
910 2 |a BOA001  |b 4-1485.285 
928 9 |a Kunovjan 
990 |a BK 
995 |a 01 
991 |b 202205  |c NOV 
996 6 |b 2610901202  |c 4-1485.285  |l MZK  |r Sklad / do 1 hodiny  |n 0  |p p.v.  |w 001885293  |u 000010  |a 1  |e BOA001  |j MZK50  |s P 
996 7 |b 2610906996  |c 4-1485.285  |l MZK  |r Sklad / do 1 hodiny  |n 7  |p dar  |w 001885293  |u 000020  |a 1  |e BOA001  |j MZK50  |s A